| 000 | 00465nam a2200169 a 4500 | ||
|---|---|---|---|
| 001 | 5041 | ||
| 003 | CDMR | ||
| 005 | 20131125180604.0 | ||
| 008 | 130130s1962||||||||||||||||||||||||||||d | ||
| 040 |
_aCDMR _bcat _cCDMR |
||
| 245 | 3 | _aLa ley de prensa e imprenta y sus 14 decretos de aplicación | |
| 260 |
_aMadrid _c1962 _bI.P. |
||
| 300 |
_a140 p ; _c19 cm |
||
| 490 | 0 |
_aColección Temas _v4-5 |
|
| 650 | 0 | 4 |
_94383 _aPremsa _xDret i legislació _zEspanya |
| 942 |
_cMON _2udc |
||
| 999 |
_c5041 _d5041 |
||